Nghiên cứu thành phần hóa học và thăm dò hoạt tính sinh học của chất màu từ lá cầm Peristrophe
Tổng quan tài liệu. Thực nghiệm. Kết quả và thảo luận
Đã lưu trong:
| Hovedforfatter: | |
|---|---|
| Andre forfattere: | |
| Format: | Bog |
| Sprog: | Vietnamese |
| Udgivet: |
Đà Nẵng
Đại học Đà Nẵng
2011
|
| Fag: | |
| Tags: |
Tilføj Tag
Ingen Tags, Vær først til at tagge denne postø!
|
| Thư viện lưu trữ: | Mạng thư viện Đại học Đà Nẵng |
|---|
| LEADER | 01408nam a2200361 4500 | ||
|---|---|---|---|
| 001 | 000010431 | ||
| 003 | 6636 | ||
| 005 | 20111213161249.0 | ||
| 008 | 111213s2011 viesd | ||
| 041 | |a vie | ||
| 072 | |a Luận văn Thạc sĩ Khoa học | ||
| 082 | |a 633.88022 |b BU-T | ||
| 100 | |a Bùi Xuân Tỉnh | ||
| 245 | |a Nghiên cứu thành phần hóa học và thăm dò hoạt tính sinh học của chất màu từ lá cầm |b Peristrophe |c Bùi Xuân Tỉnh | ||
| 260 | |a Đà Nẵng |b Đại học Đà Nẵng |c 2011 | ||
| 300 | |a 74tr. |c 29 cm | ||
| 500 | |a Luận văn Thạc sĩ Khoa học. Chuyên ngành: Hóa hữu cơ. Mã số: 60.44.27 | ||
| 520 | |a Tổng quan tài liệu. Thực nghiệm. Kết quả và thảo luận | ||
| 653 | |a Hóa học | ||
| 653 | |a Hóa hữu cơ | ||
| 653 | |a Luận văn Thạc sĩ | ||
| 653 | |a Lá Cẩm | ||
| 700 | |a Trịnh Thị Thủy |c PGS.TS |e Hướng dẫn | ||
| OWN | |a LSP | ||
| AVA | |a UDN50 |b LSP |d 633.88022 BU-T |e available |t Error 5001 Not defined in file expand_doc_bib_avail. |f 1 |g 0 |h N |i 0 |k 1 | ||
| 999 | |a From the UDN01 | ||
| AVA | |a UDN50 |b LSP |d 633.88022 BU-T |e available |t Error 5001 Not defined in file expand_doc_bib_avail. |f 1 |g 0 |h N |i 0 |k 1 | ||
| TYP | |a Monograph | ||
| TYP | |a Printed language | ||
| 980 | |a Mạng thư viện Đại học Đà Nẵng | ||